[Event "Mercredi 2019.10.09 ABCD"]
[Site "Montreal CAN"]
[Date "2019.10.16"]
[Round "2"]
[White "Toenz, Antoine"]
[Black "Lopez Linares, Lizandro"]
[Result "1-0"]
[WhiteElo "2035"]
[BlackElo "2217"]
[PlyCount "61"]
[EventDate "2019.10.09"]
[EventType "tourn"]
[EventRounds "5"]
[EventCountry "CAN"]

1. e4 d5 2. exd5 Qxd5 3. Nc3 Qa5 4. d4 c6 5. Bc4 Nf6 6. Nf3 Bf5 7. O-O e6 8.
Re1 Bb4 9. Bd2 O-O 10. a3 Bxc3 11. Bxc3 Qc7 12. b3 Nbd7 13. Bb2 Rfd8 14. Bd3
Bg4 15. c4 c5 16. h3 Bh5 17. g4 Bg6 18. Bxg6 hxg6 19. Qc2 cxd4 20. Nxd4 a6 21.
g5 Nh7 22. h4 Ne5 23. Qe4 Nc6 24. Nxc6 bxc6 25. Rad1 Nf8 26. Be5 Qa5 27. b4 Qa4
28. Rxd8 Rxd8 29. Bb2 Nd7 30. Qd4 e5 31. Rxe5 1-0

[Event "Mercredi 2019.10.09 ABCD"]
[Site "Montreal CAN"]
[Date "2019.10.16"]
[Round "2"]
[White "Yu, Zong Yang"]
[Black "Nunez-Painchaud, Raphael"]
[Result "1-0"]
[WhiteElo "2463"]
[BlackElo "2148"]
[PlyCount "49"]
[EventDate "2019.10.09"]
[EventType "tourn"]
[EventRounds "5"]
[EventCountry "CAN"]

1. d4 Nf6 2. Nf3 e6 3. c4 b6 4. Nc3 Bb7 5. Bg5 Bb4 6. Nd2 h6 7. Bh4 c5 8. a3
Ba5 9. d5 exd5 10. cxd5 g5 11. Bg3 Nxd5 12. Nb5 O-O 13. Nd6 Ba6 14. e4 Nf4 15.
Bxa6 Nxa6 16. O-O Bxd2 17. Qxd2 Qf6 18. Rae1 Nc7 19. e5 Qg6 20. Bxf4 gxf4 21.
Qxf4 Ne6 22. Qa4 Kh7 23. Re3 Nd4 24. Qxd7 Rad8 25. Qxa7 1-0

[Event "Mercredi 2019.10.09 ABCD"]
[Site "Montreal CAN"]
[Date "2019.10.23"]
[Round "3"]
[White "Baran, Marius"]
[Black "Dumouchel, Alain"]
[Result "0-1"]
[WhiteElo "1765"]
[BlackElo "1776"]
[PlyCount "60"]
[EventDate "2019.10.09"]
[EventType "tourn"]
[EventRounds "5"]
[EventCountry "CAN"]

1. e4 e5 2. Nf3 Nc6 3. d4 exd4 4. Bc4 Nf6 5. e5 d5 6. Bb5 Ne4 7. Nxd4 Bd7 8.
Bxc6 Bxc6 9. O-O Bc5 10. Be3 O-O 11. f3 Ng5 12. f4 Ne4 13. Rf3 Re8 14. Nd2 Qd7
15. Nxc6 Qxc6 16. Nxe4 dxe4 17. Rg3 Rad8 18. Qe2 Rd5 19. Re1 Red8 20. Qf2 Rd2
21. Qf1 Rxc2 22. Kh1 Bxe3 23. Rgxe3 Rdd2 24. b3 Rf2 25. Qg1 Rxf4 26. Rd1 h5 27.
Rh3 g6 28. Qxa7 b6 29. Qb8+ Kg7 30. Qd8 Rc1 0-1

[Event "Mercredi 2019.10.09 ABCD"]
[Site "Montreal CAN"]
[Date "2019.10.23"]
[Round "3"]
[White "Gadbois, Patrick"]
[Black "Guipi Bopala, Prince Eric jr"]
[Result "1/2-1/2"]
[WhiteElo "1878"]
[BlackElo "1868"]
[PlyCount "77"]
[EventDate "2019.10.09"]
[EventType "tourn"]
[EventRounds "5"]
[EventCountry "CAN"]

1. d4 d5 2. e3 e6 3. Bd3 f5 4. f4 Nh6 5. Nf3 Bd6 6. c4 c6 7. Nc3 O-O 8. O-O Nd7
9. Bd2 Nf6 10. Be1 Ne4 11. Bh4 Qe8 12. cxd5 exd5 13. Bxe4 fxe4 14. Ne5 Bxe5 15.
dxe5 Nf5 16. Bf2 Qe6 17. Ne2 c5 18. Nc3 Ne7 19. Nb5 Qc6 20. Nd6 Nf5 21. Nxf5
Rxf5 22. Rc1 b6 23. Qd2 Ba6 24. Rfd1 Bd3 25. Bh4 Rf7 26. b3 a5 27. Qf2 Qd7 28.
Rc3 a4 29. Rdc1 axb3 30. Rxb3 Bc4 31. Rxb6 Rxa2 32. Qg3 Qa7 33. Rd6 Ra1 34. Qe1
Rxc1 35. Qxc1 Rd7 36. Rc6 Rc7 37. Rd6 Rd7 38. Rc6 Rc7 39. Rd6 1/2-1/2

[Event "Mercredi 2019.10.09 ABCD"]
[Site "Montreal CAN"]
[Date "2019.10.23"]
[Round "3"]
[White "Gates, Claude-Eric"]
[Black "Lewicki, Philip"]
[Result "1-0"]
[WhiteElo "1844"]
[BlackElo "1867"]
[PlyCount "93"]
[EventDate "2019.10.09"]
[EventType "tourn"]
[EventRounds "5"]
[EventCountry "CAN"]

1. d4 Nf6 2. Nf3 d5 3. e3 Bg4 4. Bd3 e6 5. b3 c5 6. Bb2 Nc6 7. O-O cxd4 8. exd4
Bd6 9. c4 O-O 10. Nbd2 Bb4 11. Be2 Ne4 12. cxd5 exd5 13. Nxe4 dxe4 14. Ne5 Bxe2
15. Qxe2 Nxe5 16. dxe5 Qd3 17. Qg4 Qc2 18. Rab1 Rac8 19. Rfc1 Qxb2 20. Qxc8
Qxb1 21. Qxf8+ Kxf8 22. Rxb1 Ke7 23. Rc1 e3 24. fxe3 Ba5 25. Kf2 Ke6 26. Kf3
Bb6 27. Ke4 a6 28. Rc4 Ba5 29. Rd4 Bc7 30. Rd5 b6 31. h3 h5 32. a4 g5 33. g4
hxg4 34. hxg4 a5 35. Rb5 Bd8 36. b4 axb4 37. Rxb4 Bc7 38. Rb5 Bd8 39. Kd4 Bc7
40. Ke4 Bd8 41. Rb1 Bc7 42. Rc1 Bd8 43. Rc6+ Ke7 44. Kd5 f5 45. exf6+ Kf7 46.
Rd6 Bxf6 47. Rxf6+ 1-0

[Event "Mercredi 2019.10.09 ABCD"]
[Site "Montreal CAN"]
[Date "2019.10.23"]
[Round "3"]
[White "Giurgiev, Silvius"]
[Black "Fortin-Lavoie, Patrice"]
[Result "0-1"]
[WhiteElo "1843"]
[BlackElo "1824"]
[PlyCount "36"]
[EventDate "2019.10.09"]
[EventType "tourn"]
[EventRounds "5"]
[EventCountry "CAN"]

1. e4 e5 2. Nf3 Nf6 3. Nxe5 d6 4. Nf3 Nxe4 5. d4 d5 6. Bd3 Bd6 7. Be3 O-O 8. c4
c6 9. O-O Nd7 10. Qc1 f5 11. g3 Ndf6 12. Ng5 h6 13. Nh3 g5 14. f3 f4 15. Nxf4
gxf4 16. gxf4 Bh3 17. Re1 Qc7 18. cxd5 Qg7+ 0-1

[Event "Mercredi 2019.10.09 ABCD"]
[Site "Montreal CAN"]
[Date "2019.10.23"]
[Round "3"]
[White "Kozlov, Guennadi"]
[Black "Allaire, Denis"]
[Result "1-0"]
[WhiteElo "1766"]
[BlackElo "1699"]
[PlyCount "85"]
[EventDate "2019.10.09"]
[EventType "tourn"]
[EventRounds "5"]
[EventCountry "CAN"]

1. e4 e5 2. f4 Nf6 3. d3 Nc6 4. Nf3 d5 5. exd5 Nxd5 6. fxe5 Bg4 7. Be2 Bxf3 8.
Bxf3 Qh4+ 9. g3 Qd4 10. c3 Qxe5+ 11. Kf2 O-O-O 12. Re1 Qf6 13. Kg2 Bc5 14. d4
Be7 15. Nd2 Qg6 16. Ne4 f5 17. Bh5 Qe6 18. Ng5 Qd7 19. Nf7 g6 20. Bf3 Rhf8 21.
Nxd8 Nxd8 22. Re5 Nb6 23. a4 Nf7 24. Re1 Ng5 25. Bxg5 Bxg5 26. a5 Nc4 27. Qb3
Nd6 28. a6 b6 29. Qd5 c6 30. Qxc6+ Qxc6 31. Bxc6 Nc4 32. Re2 Kc7 33. Bb5 Ne3+
34. Kg1 f4 35. gxf4 Bxf4 36. Rae1 Nf5 37. Bd3 Bd6 38. Rf1 Rg8 39. Bxf5 gxf5+
40. Rg2 Rxg2+ 41. Kxg2 f4 42. Kf3 b5 43. Re1 1-0

[Event "Mercredi 2019.10.09 ABCD"]
[Site "Montreal CAN"]
[Date "2019.10.23"]
[Round "3"]
[White "Latorre, Vincent"]
[Black "Destree, Frederic"]
[Result "1-0"]
[WhiteElo "1889"]
[BlackElo "1925"]
[PlyCount "43"]
[EventDate "2019.10.09"]
[EventType "tourn"]
[EventRounds "5"]
[EventCountry "CAN"]

1. e4 c5 2. Nf3 g6 3. c3 Bg7 4. d4 cxd4 5. cxd4 d5 6. exd5 Qxd5 7. Nc3 Qd8 8.
Bc4 Nc6 9. Be3 e6 10. O-O Nge7 11. Re1 O-O 12. Rc1 a6 13. Bb3 b5 14. Ne4 Na5
15. Bf4 Nxb3 16. axb3 Nd5 17. Bd6 Re8 18. Bc5 Bf8 19. Qd2 Bxc5 20. dxc5 Qe7 21.
Nd6 Rd8 22. Qxd5 1-0

[Event "Mercredi 2019.10.09 ABCD"]
[Site "Montreal CAN"]
[Date "2019.10.23"]
[Round "3"]
[White "Lopez Linares, Lizandro"]
[Black "Yu, Zong Yang"]
[Result "0-1"]
[WhiteElo "2217"]
[BlackElo "2463"]
[PlyCount "69"]
[EventDate "2019.10.09"]
[EventType "tourn"]
[EventRounds "5"]
[EventCountry "CAN"]

1. d4 Nf6 2. Nf3 g6 3. g3 Bg7 4. Bg2 O-O 5. O-O d6 6. b3 c5 7. Bb2 Ne4 8. Qc1
cxd4 9. Nxd4 d5 10. Bxe4 dxe4 11. Rd1 Qa5 12. Nc3 Bf5 13. Nxf5 Qxf5 14. Nd5 Nc6
15. Bxg7 Kxg7 16. Qb2+ f6 17. Qa3 Qe5 18. e3 g5 19. c4 a5 20. Rac1 Rad8 21. Nb6
Qe6 22. Rd5 Ne5 23. Rxe5 Qxe5 24. Nd5 Rd6 25. b4 e6 26. Nc3 axb4 27. Qxb4 Rd7
28. Nb5 f5 29. Nd4 Rf6 30. c5 f4 31. c6 bxc6 32. Rxc6 fxe3 33. fxe3 Qd5 34. Rc8
Qxa2 35. Qc3 0-1

[Event "Mercredi 2019.10.09 ABCD"]
[Site "Montreal CAN"]
[Date "2019.10.24"]
[Round "3"]
[White "Nardone, Raul"]
[Black "Brassard, Sylvain"]
[Result "1-0"]
[WhiteElo "1747"]
[BlackElo "1746"]
[PlyCount "25"]
[EventDate "2019.10.09"]
[EventType "tourn"]
[EventRounds "5"]
[EventCountry "CAN"]

1. e4 d5 2. d4 dxe4 3. Nc3 Nf6 4. f3 exf3 5. Nxf3 e6 6. Be2 Bb4 7. O-O Bxc3 8.
bxc3 O-O 9. Bd3 Nbd7 10. Ba3 Re8 11. Ne5 Nxe5 12. dxe5 Nd7 13. Bxh7+ 1-0

[Event "Mercredi 2019.10.09 ABCD"]
[Site "Montreal CAN"]
[Date "2019.10.23"]
[Round "3"]
[White "Nunez-Painchaud, Raphael"]
[Black "Nunez, Omar"]
[Result "1/2-1/2"]
[WhiteElo "2148"]
[BlackElo "1950"]
[PlyCount "92"]
[EventDate "2019.10.09"]
[EventType "tourn"]
[EventRounds "5"]
[EventCountry "CAN"]

1. d4 c5 2. d5 e5 3. c4 d6 4. Nc3 Be7 5. e4 Bg5 6. Be2 Bxc1 7. Rxc1 Nf6 8. h3
Nbd7 9. Nf3 a6 10. Nd2 Nf8 11. Bg4 Ng6 12. Bxc8 Rxc8 13. Qa4+ Qd7 14. Qxd7+
Nxd7 15. g3 h5 16. Nf1 Ne7 17. Ne3 g6 18. Kd2 f6 19. a4 Kf7 20. h4 Rcg8 21.
Rcf1 Ke8 22. f4 f5 23. b3 Rf8 24. Rh2 Rf7 25. Rhf2 Rhf8 26. a5 Kd8 27. fxe5
Nxe5 28. Ng2 Kd7 29. Rf4 fxe4 30. Rxf7 Rxf7 31. Rxf7 Nxf7 32. Nxe4 Nf5 33. Kc3
Ne5 34. b4 cxb4+ 35. Kxb4 Kc7 36. Nf4 b6 37. Ne6+ Kb7 38. axb6 Kxb6 39. Nxd6
a5+ 40. Kc3 Nxd6 41. c5+ Kb5 42. cxd6 a4 43. Nf8 Kc5 44. d7 Nxd7 45. Nxd7+ Kxd5
46. Nf8 Ke4 1/2-1/2

[Event "Mercredi 2019.10.09 ABCD"]
[Site "Montreal CAN"]
[Date "2019.10.23"]
[Round "3"]
[White "Pomerantz, Daniel"]
[Black "Toenz, Antoine"]
[Result "1-0"]
[WhiteElo "2206"]
[BlackElo "2035"]
[PlyCount "75"]
[EventDate "2019.10.09"]
[EventType "tourn"]
[EventRounds "5"]
[EventCountry "CAN"]

1. e4 c6 2. d4 d5 3. e5 c5 4. dxc5 Nc6 5. Nf3 Bg4 6. Be2 e6 7. Bf4 Bxc5 8. O-O
Nge7 9. Nbd2 O-O 10. Bd3 Ng6 11. Bxg6 hxg6 12. h3 Bxf3 13. Nxf3 Qb6 14. Rb1 a5
15. Ng5 Ne7 16. Qe2 Qb4 17. g3 Ra6 18. Kg2 Nf5 19. c3 Qa4 20. b3 Qc6 21. Kh2 b5
22. g4 Ne7 23. Rbe1 Ba7 24. Qf3 f6 25. exf6 Rxf6 26. Qg3 Qb6 27. Be3 Bb8 28. f4
Qc7 29. Qh4 Qxc3 30. Qh7+ Kf8 31. Qh8+ Ng8 32. Nh7+ Kf7 33. Ng5+ Kf8 34. Nh7+
Kf7 35. Nxf6 gxf6 36. Qh7+ Kf8 37. Rc1 Qb2+ 38. Kh1 1-0

[Event "Mercredi 2019.10.09 ABCD"]
[Site "Montreal CAN"]
[Date "2019.10.23"]
[Round "3"]
[White "Templonuevo, Mark Geryl"]
[Black "Audet, Eric"]
[Result "1-0"]
[WhiteElo "1862"]
[BlackElo "1788"]
[PlyCount "109"]
[EventDate "2019.10.09"]
[EventType "tourn"]
[EventRounds "5"]
[EventCountry "CAN"]

1. c4 c6 2. d4 d5 3. Nf3 Nf6 4. Nc3 a6 5. c5 Bf5 6. Bf4 e6 7. Qb3 Qc8 8. h3 Be7
9. Ne5 Nbd7 10. g4 Bg6 11. O-O-O Nxe5 12. Bxe5 O-O 13. f3 Nd7 14. h4 Nxe5 15.
dxe5 f6 16. exf6 Rxf6 17. h5 Bf7 18. Na4 Qc7 19. Rh3 e5 20. Qc2 Be6 21. e3 Raf8
22. Be2 Qa5 23. a3 Qc7 24. Nb6 R6f7 25. Kb1 Bg5 26. Qc3 Bf6 27. Qb4 Bg5 28. Qc3
Bf6 29. e4 Rd8 30. b4 Rff8 31. Rhh1 Kh8 32. Bd3 Bg5 33. exd5 cxd5 34. Bc2 Rf4
35. Rhe1 d4 36. Qd3 Bg8 37. Nc4 Qf7 38. Rxe5 Qxc4 39. Qxc4 Bxc4 40. Rxg5 d3 41.
Kb2 Rxf3 42. Rd2 Re8 43. Bd1 Rfe3 44. Kc3 Re2 45. Rf5 Rxd2 46. Kxd2 Kg8 47. Rf4
Bf7 48. Kxd3 g6 49. h6 Rd8+ 50. Rd4 Rxd4+ 51. Kxd4 Kf8 52. Bf3 Be6 53. g5 Bc8
54. Ke5 Ke7 55. Bd5 1-0

[Event "Mercredi 2019.10.09 ABCD"]
[Site "Montreal CAN"]
[Date "2019.10.30"]
[Round "4"]
[White "Allaire, Denis"]
[Black "Brassard, Sylvain"]
[Result "1-0"]
[WhiteElo "1699"]
[BlackElo "1746"]
[PlyCount "135"]
[EventDate "2019.10.09"]
[EventType "tourn"]
[EventRounds "5"]
[EventCountry "CAN"]

1. e4 Nf6 2. e5 Nd5 3. c4 Nb6 4. d4 d6 5. exd6 exd6 6. Nc3 Nc6 7. d5 Ne5 8. f4
Ng6 9. Nf3 Be7 10. Be2 O-O 11. O-O Bg4 12. b3 Bf6 13. Qc2 Re8 14. Bd3 Nf8 15.
Bd2 Nbd7 16. b4 a5 17. a3 axb4 18. axb4 Rxa1 19. Rxa1 Bxf3 20. gxf3 Bd4+ 21.
Kh1 Qh4 22. Rf1 Nf6 23. Ne2 Be3 24. Bxe3 Rxe3 25. Qd2 Re7 26. Nd4 g6 27. Rg1
Nh5 28. Nf5 Qf6 29. Nxe7+ Qxe7 30. f5 Qe5 31. fxg6 fxg6 32. Rg5 Qa1+ 33. Kg2
Qf6 34. Rg4 Nd7 35. f4 Qd4 36. Rh4 Ne5 37. Rxh5 Nxc4 38. Qe2 gxh5 39. Qe8+ Kg7
40. Qe7+ Kg8 41. Qxh7+ Kf8 42. Qf5+ Ke7 43. Qe6+ Kd8 44. Qg8+ Ke7 45. Qg5+ Kf8
46. Qd8+ Kg7 47. Qxc7+ Kf6 48. Qd8+ Kg7 49. Qe7+ Kg8 50. Qd8+ Kg7 51. Qc7+ Kf6
52. Qxc4 Qb2+ 53. Bc2 Qa1 54. Qe4 Qb2 55. Qf5+ Ke7 56. Qe6+ Kd8 57. Qxd6+ Ke8
58. Qe6+ Kd8 59. Qe4 Qg7+ 60. Qg6 Qb2 61. Qg5+ Kd7 62. Qf5+ Kd8 63. Qf8+ Kd7
64. Qf5+ Kd8 65. Kf3 Qc3+ 66. Bd3 Qxb4 67. Qf6+ Kc8 68. d6 1-0

[Event "Mercredi 2019.10.09 ABCD"]
[Site "Montreal CAN"]
[Date "2019.10.30"]
[Round "4"]
[White "Audet, Eric"]
[Black "Fortin-Lavoie, Patrice"]
[Result "1-0"]
[WhiteElo "1788"]
[BlackElo "1824"]
[PlyCount "113"]
[EventDate "2019.10.09"]
[EventType "tourn"]
[EventRounds "5"]
[EventCountry "CAN"]

1. e4 e5 2. Nf3 Nf6 3. Nc3 Bc5 4. Nxe5 d5 5. Nd3 Bb6 6. Nxd5 Nxd5 7. exd5 Qxd5
8. Qe2+ Kd8 9. Qf3 Re8+ 10. Be2 Qxf3 11. gxf3 Bf5 12. Kd1 Nc6 13. c3 Kd7 14. b4
Rad8 15. Nc5+ Kc8 16. a4 a5 17. Bb5 Rd6 18. Bb2 axb4 19. Bxc6 bxc3 20. Bxb7+
Kb8 21. Bxc3 Bxc5 22. Be4 Bxe4 23. fxe4 Rxe4 24. f3 Re3 25. Bxg7 Bb4 26. d4 f6
27. Kc2 Rc6+ 28. Kd1 Rd3+ 29. Ke2 Rd2+ 30. Ke3 Re6+ 31. Kf4 Rxd4+ 32. Kf5 Red6
33. Bxf6 Rd3 34. f4 R6d5+ 35. Be5 Bc3 36. Rab1+ Ka7 37. Rb5 c6 38. Rxd5 Rxd5
39. Rc1 Bxe5 40. fxe5 Kb6 41. Kf6 Rd2 42. e6 Rf2+ 43. Kg7 Rg2+ 44. Kf7 Rf2+ 45.
Ke8 Ra2 46. e7 c5 47. a5+ Kxa5 48. Rxc5+ Kb6 49. Rh5 Kc6 50. Rxh7 Kd6 51. Rh6+
Ke5 52. h4 Rh2 53. Kf8 Rf2+ 54. Kg7 Rg2+ 55. Rg6 Rg4 56. Rxg4 Kf5 57. Rg6 1-0

[Event "Mercredi 2019.10.09 ABCD"]
[Site "Montreal CAN"]
[Date "2019.10.30"]
[Round "4"]
[White "Barko, Maxim"]
[Black "Guipi Bopala, Prince Eric jr"]
[Result "0-1"]
[WhiteElo "1867"]
[BlackElo "1868"]
[PlyCount "106"]
[EventDate "2019.10.09"]
[EventType "tourn"]
[EventRounds "5"]
[EventCountry "CAN"]

1. d4 d5 2. c4 e6 3. Nc3 c6 4. cxd5 cxd5 5. Bf4 Nf6 6. Nf3 Nc6 7. e3 Bd6 8. Bg3
O-O 9. Bd3 h6 10. Rc1 a6 11. Ne5 Bxe5 12. dxe5 Nd7 13. Qh5 Qg5 14. Qxg5 hxg5
15. f4 gxf4 16. exf4 Nc5 17. Bb1 b6 18. Bf2 Bb7 19. b3 Nd7 20. Na4 b5 21. Nc5
Nxc5 22. Bxc5 Rfd8 23. O-O Rac8 24. b4 Nb8 25. f5 Nd7 26. fxe6 fxe6 27. Bg6
Nxe5 28. Bh5 g6 29. Be2 d4 30. Rf6 d3 31. Bd1 Bd5 32. a4 Kg7 33. Rf2 Nc4 34.
Ra1 Rd7 35. axb5 axb5 36. Bg4 Rcd8 37. Bd4+ Kh7 38. Bc5 Rb7 39. h4 e5 40. h5
gxh5 41. Bf5+ Kg8 42. Bxd3 e4 43. Be2 Rg7 44. Kf1 e3 45. Rf5 Rxg2 46. Rxd5 Rf2+
47. Ke1 Rxd5 48. Bxe3 Rxe2+ 49. Kxe2 Re5 50. Rg1+ Kf7 51. Rg3 Rxe3+ 52. Rxe3
Nxe3 53. Kxe3 Ke6 0-1

[Event "Mercredi 2019.10.09 ABCD"]
[Site "Montreal CAN"]
[Date "2019.10.30"]
[Round "4"]
[White "Destree, Frederic"]
[Black "Gadbois, Patrick"]
[Result "0-1"]
[WhiteElo "1925"]
[BlackElo "1878"]
[PlyCount "146"]
[EventDate "2019.10.09"]
[EventType "tourn"]
[EventRounds "5"]
[EventCountry "CAN"]

1. Nf3 d5 2. g3 c5 3. Bg2 Nc6 4. O-O e5 5. d3 Nf6 6. c4 Be7 7. cxd5 Nxd5 8. Nc3
Be6 9. Ne4 f6 10. b3 O-O 11. Bb2 Rc8 12. Qd2 Qd7 13. Rac1 Nd4 14. e3 Nxf3+ 15.
Bxf3 f5 16. Nc3 Nb4 17. Rfd1 Rfd8 18. d4 cxd4 19. exd4 exd4 20. Ne2 Nxa2 21.
Rxc8 Qxc8 22. Bxd4 Nb4 23. Rc1 Qd7 24. Qe3 b6 25. Nf4 Bf7 26. Be5 Bc5 27. Rxc5
bxc5 28. Qxc5 Nd3 29. Nxd3 Qxd3 30. Qc7 Qd7 31. Qc3 Rc8 32. Qb4 Be6 33. Bd4 Bd5
34. Be2 Qe6 35. Bc4 Bxc4 36. bxc4 Qxc4 37. Qxc4+ Rxc4 38. Bxa7 Kf7 39. h4 Ke6
40. Kg2 Ke5 41. Kf3 Rc3+ 42. Kg2 Ke4 43. Bb8 Rb3 44. Bf4 Rf3 45. Bc7 g6 46. Bd6
Rd3 47. Bc7 Rd7 48. Bb8 h6 49. Bf4 Rh7 50. Be3 Ke5 51. Kf3 Kf6 52. Bd4+ Ke6 53.
Be3 h5 54. Bf4 Rd7 55. Be3 Rd3 56. Kg2 Ke5 57. Bf4+ Ke4 58. Bg5 Kd4 59. Bf4 Kc3
60. Bc7 Kd2 61. Bb6 Ke2 62. Bc5 Rf3 63. Bb6 f4 64. Bc5 Rc3 65. Bb6 f3+ 66. Kh3
Rc1 67. g4 Rg1 68. gxh5 gxh5 69. Bc5 Rg2 70. Bb6 Rxf2 71. Bxf2 Kxf2 72. Kh2 Ke1
73. Kg1 f2+ 0-1

[Event "Mercredi 2019.10.09 ABCD"]
[Site "Montreal CAN"]
[Date "2019.10.30"]
[Round "4"]
[White "Dumouchel, Alain"]
[Black "Nardone, Raul"]
[Result "1/2-1/2"]
[WhiteElo "1776"]
[BlackElo "1747"]
[PlyCount "68"]
[EventDate "2019.10.09"]
[EventType "tourn"]
[EventRounds "5"]
[EventCountry "CAN"]

1. d4 Nf6 2. Bg5 d5 3. Nf3 Ne4 4. Bf4 c5 5. e3 Nc6 6. Nbd2 e6 7. Nxe4 dxe4 8.
Ng5 cxd4 9. exd4 Be7 10. Nxe4 O-O 11. c3 Qb6 12. Qc2 Bd7 13. Bd3 f5 14. Nd2
Rac8 15. Qb3 g5 16. Qxb6 axb6 17. Be5 Nxe5 18. dxe5 Rc5 19. O-O-O Rxe5 20. Rhe1
Rxe1 21. Rxe1 Bd6 22. Bc4 Kf7 23. Nf3 Kf6 24. Kc2 e5 25. Rd1 Ke7 26. Nxg5 Bc6
27. f3 h6 28. Nf7 Bc7 29. Nxh6 Kf6 30. h3 Kg6 31. Ng8 Kg5 32. Ne7 Be8 33. Be6
Kf6 34. Nd5+ Kxe6 {...} 1/2-1/2

[Event "Mercredi 2019.10.09 ABCD"]
[Site "Montreal CAN"]
[Date "2019.10.30"]
[Round "4"]
[White "Kozlov, Guennadi"]
[Black "Baran, Marius"]
[Result "1/2-1/2"]
[WhiteElo "1766"]
[BlackElo "1765"]
[PlyCount "112"]
[EventDate "2019.10.09"]
[EventType "tourn"]
[EventRounds "5"]
[EventCountry "CAN"]

1. e4 d5 2. exd5 Nf6 3. d4 Nxd5 4. Nc3 Bf5 5. Bc4 Nxc3 6. bxc3 e6 7. Nf3 Nd7 8.
O-O Be7 9. Re1 O-O 10. Bd3 Bg4 11. h3 Bh5 12. g4 Bg6 13. Bxg6 hxg6 14. Qd3 c5
15. Qe4 Qc7 16. Bf4 Bd6 17. Bxd6 Qxd6 18. Qxb7 Rfb8 19. Qe4 Rc8 20. Rab1 Rab8
21. Rb3 c4 22. Rbb1 Qa3 23. Rxb8 Rxb8 24. Qc6 Nb6 25. Qe4 Nd5 26. Ng5 Nf6 27.
Qe5 Rf8 28. Re3 Qxa2 29. Nxf7 Rxf7 30. Qxe6 Qb1+ 31. Re1 Qb5 32. Re5 Qb1+ 33.
Re1 Qxc2 34. Qxc4 Ne4 35. Re2 Qb1+ 36. Kg2 Qb7 37. Kg1 Nd6 38. Qd3 Qf3 39. Qxf3
Rxf3 40. Re6 Nb5 41. c4 Nxd4 42. Ra6 Rf7 43. Kg2 Rc7 44. f4 Kf7 45. Kf2 Ne6 46.
Ke3 Rxc4 47. Rxa7+ Rc7 48. Ra3 g5 49. fxg5 Nxg5 50. h4 Re7+ 51. Kf4 Ne6+ 52.
Kg3 Nd4 53. Kf4 Ne2+ 54. Kf3 Nd4+ 55. Kf4 Ne2+ 56. Kf3 Nd4+ 1/2-1/2

[Event "Mercredi 2019.10.09 ABCD"]
[Site "Montreal CAN"]
[Date "2019.10.30"]
[Round "4"]
[White "Lewicki, Philip"]
[Black "Giurgiev, Silvius"]
[Result "0-1"]
[WhiteElo "1867"]
[BlackElo "1843"]
[PlyCount "132"]
[EventDate "2019.10.09"]
[EventType "tourn"]
[EventRounds "5"]
[EventCountry "CAN"]

1. b3 d5 2. Bb2 c5 3. e3 Nc6 4. Nf3 Qc7 5. d4 cxd4 6. exd4 Nf6 7. Be2 Bf5 8.
O-O e6 9. a3 Be7 10. Nbd2 O-O 11. Re1 h6 12. Rc1 Rac8 13. c4 Qb8 14. b4 b6 15.
Qa4 Qb7 16. cxd5 Nb8 17. dxe6 Bxe6 18. Ne5 a6 19. b5 a5 20. Ndc4 Bd5 21. Bf3
Bxf3 22. Nxf3 Nd5 23. Nce5 Bf6 24. Qb3 Nf4 25. Rcd1 Nd5 26. g3 Rc7 27. Rc1 Rfc8
28. Rxc7 Rxc7 29. Nd2 Re7 30. Ne4 Bxe5 31. dxe5 Nc7 32. Qd3 Ne6 33. Rc1 Rd7 34.
Qe3 Re7 35. f4 Nd7 36. Nd6 Qd5 37. Kf2 Nec5 38. Bd4 Qa2+ 39. Kg1 Qe6 40. Nc8
Re8 41. Nxb6 Qxb6 42. Bxc5 Qxb5 43. Bd6 Qd5 44. Qc3 Nb6 45. Qe1 Nc4 46. Rd1 Qc6
47. Qf2 Rc8 48. Qd4 Nb6 49. f5 Re8 50. Rf1 Nc8 51. Qf4 Qb6+ 52. Kg2 Nxd6 53.
exd6 Rd8 54. Rd1 Qb2+ 55. Rd2 Qxa3 56. f6 Qb4 57. Rd4 Qb2+ 58. Kh3 g5 59. Qe4
Qb5 60. d7 Qf1+ 61. Kg4 Qxf6 62. Qe8+ Kg7 63. Re4 Kg6 64. Rf4 gxf4 65. Qe4+ Kg7
66. gxf4 Qg6+ 0-1

[Event "Mercredi 2019.10.09 ABCD"]
[Site "Montreal CAN"]
[Date "2019.10.30"]
[Round "4"]
[White "Lopez Linares, Lizandro"]
[Black "Pomerantz, Daniel"]
[Result "1-0"]
[WhiteElo "2217"]
[BlackElo "2206"]
[PlyCount "43"]
[EventDate "2019.10.09"]
[EventType "tourn"]
[EventRounds "5"]
[EventCountry "CAN"]

1. Nf3 Nf6 2. c4 e6 3. d4 Bb4+ 4. Bd2 c5 5. Bxb4 cxb4 6. Nbd2 O-O 7. e3 d6 8.
Bd3 Re8 9. Qb1 Qe7 10. O-O b6 11. a3 bxa3 12. Rxa3 e5 13. Bc2 Bb7 14. b4 a6 15.
Rc1 Nbd7 16. Ba4 b5 17. Bb3 Rac8 18. c5 dxc5 19. dxc5 Nb8 20. Ng5 Bd5 21. Bxd5
Nxd5 22. Qxh7+ 1-0

[Event "Mercredi 2019.10.09 ABCD"]
[Site "Montreal CAN"]
[Date "2019.10.30"]
[Round "4"]
[White "Nesterov, Timour"]
[Black "Latorre, Vincent"]
[Result "0-1"]
[WhiteElo "1890"]
[BlackElo "1889"]
[PlyCount "82"]
[EventDate "2019.10.09"]
[EventType "tourn"]
[EventRounds "5"]
[EventCountry "CAN"]

1. d4 Nf6 2. Nf3 e6 3. Bf4 c5 4. e3 b6 5. Bd3 Bb7 6. Nbd2 Be7 7. c3 cxd4 8.
exd4 d6 9. O-O O-O 10. Qe2 Nbd7 11. Rfe1 Re8 12. Ng5 Bf8 13. Rad1 h6 14. Nge4
e5 15. dxe5 dxe5 16. Bg3 Nd5 17. Nc4 Qc7 18. Ned2 Nf4 19. Bxf4 exf4 20. Qg4 Ne5
21. Nxe5 Rxe5 22. Nf3 Bxf3 23. Qxf3 Rae8 24. Re4 Rxe4 25. Bxe4 Qe5 26. Re1 Kh8
27. Re2 Qd6 28. h3 Rd8 29. Bc2 g6 30. Bb3 Qf6 31. Re4 Bd6 32. Rd4 Kg7 33. Qb7
Qe7 34. Qc6 Qe1+ 35. Kh2 f3+ 36. Rxd6 Qe5+ 37. g3 Rxd6 38. Qxf3 Rf6 39. Qg2 Qe2
40. f4 Qe3 41. Bc2 Re6 0-1

[Event "Mercredi 2019.10.09 ABCD"]
[Site "Montreal CAN"]
[Date "2019.10.30"]
[Round "4"]
[White "Templonuevo, Mark Geryl"]
[Black "Gates, Claude-Eric"]
[Result "1-0"]
[WhiteElo "1862"]
[BlackElo "1844"]
[PlyCount "75"]
[EventDate "2019.10.09"]
[EventType "tourn"]
[EventRounds "5"]
[EventCountry "CAN"]

1. c4 b6 2. Nc3 Bb7 3. e4 e6 4. a3 d6 5. d4 Nf6 6. Bd3 Nc6 7. Nf3 Be7 8. g4
Nxg4 9. Rg1 Nxf2 10. Kxf2 Bh4+ 11. Ke2 Bf6 12. Be3 Qd7 13. b4 e5 14. Nd5 Nxd4+
15. Bxd4 Bxd5 16. cxd5 exd4 17. a4 O-O 18. Rc1 Rae8 19. Kf2 Qd8 20. Rc6 Qd7 21.
Rg3 Bd8 22. Qc1 f5 23. exf5 Re3 24. Nxd4 Rxd3 25. Rxd3 Bh4+ 26. Ke2 Qe7+ 27.
Qe3 Qf6 28. Qe6+ Qxe6+ 29. dxe6 g6 30. Rxc7 gxf5 31. Rh3 Bf6 32. Rg3+ Kh8 33.
e7 Re8 34. Nxf5 Be5 35. Rf3 Kg8 36. h4 h5 37. Rxa7 Kf7 38. Nxd6+ 1-0

[Event "Mercredi 2019.10.09 ABCD"]
[Site "Montreal CAN"]
[Date "2019.10.30"]
[Round "4"]
[White "Toenz, Antoine"]
[Black "Nunez-Painchaud, Raphael"]
[Result "1/2-1/2"]
[WhiteElo "2035"]
[BlackElo "2148"]
[PlyCount "43"]
[EventDate "2019.10.09"]
[EventType "tourn"]
[EventRounds "5"]
[EventCountry "CAN"]

1. e4 c5 2. Nc3 Nc6 3. Bb5 g6 4. Bxc6 dxc6 5. d3 Bg7 6. f4 c4 7. Nf3 cxd3 8.
cxd3 Nh6 9. Be3 O-O 10. h3 b5 11. Qc2 b4 12. Na4 Ba6 13. Nc5 Bb5 14. Qd2 Kh8
15. Qxb4 a5 16. Qd2 a4 17. Rb1 Ng8 18. O-O Nf6 19. Rfd1 Nd7 20. g4 Nxc5 21.
Bxc5 Qd7 22. f5 1/2-1/2